Fuji Xerox the first 20 years 1962-1982
Gorde:
| Formatua: | Liburua |
|---|---|
| Hizkuntza: | Undetermined |
| Argitaratua: |
Tokyo
Fuji Xerox
1983
|
| Gaiak: | |
| Etiketak: |
Etiketa erantsi
Etiketarik gabe, Izan zaitez lehena erregistro honi etiketa jartzen!
|
| Thư viện lưu trữ: | Trung tâm Học liệu Trường Đại học Cần Thơ |
|---|
| LEADER | 00500nam a2200181Ia 4500 | ||
|---|---|---|---|
| 001 | CTU_96649 | ||
| 008 | 210402s9999 xx 000 0 und d | ||
| 082 | |a 330.09 | ||
| 082 | |b F949 | ||
| 245 | 0 | |a Fuji Xerox the first 20 years 1962-1982 | |
| 245 | 0 | |c Japan Business History Institute | |
| 260 | |a Tokyo | ||
| 260 | |b Fuji Xerox | ||
| 260 | |c 1983 | ||
| 650 | |a Fuji Zerokkusu Kabushiki Kaisha | ||
| 650 | |x History | ||
| 904 | |i Hiếu | ||
| 980 | |a Trung tâm Học liệu Trường Đại học Cần Thơ | ||